000
00336nam a2200133Ia 4500
008
240624s9999 xx 000 0 und d
041
_a
eng
082
_a
828 BHU
100
_a
BHUTTO FATIMA
245
_a
SONGS OF BLOOD AND SWORD A DAUGHTERÂ’S ME
260
_c
2010
_a
New Delhi
_b
Penguin/Viking
300
_a
480 : p.
365
_c
RS
_b
25
999
_c
23732
_d
23732